| 000 | 00407nam a22001217a 4500 | ||
|---|---|---|---|
| 999 |
_c15213 _d15213 |
||
| 008 | 200305b ||||| |||| 00| 0 eng d | ||
| 100 |
_941994 _aQuitasol, Kimberlie. |
||
| 245 |
_aIndigenous peoples mark cordillera day with protest/ _cKimberlis Quitasol. |
||
| 260 |
_aPhilippines; _bPhilippine Daily Inquirer, _c©2019. |
||
| 300 |
_apage A14; _c29.5cm. |
||
| 650 |
_aNative Peoples. _941995 |
||
| 942 |
_2ddc _cPER |
||